Most Populated U.S. Cities by Year - 1990 - Statistics

General Stats
  • This quiz has been taken 79 times
  • The average score is 19 of 20
Answer Stats
Population Entity Answer % Correct
2,784,000 Illinois Chicago
98%
1,007,000 Texas Dallas
98%
1,631,000 Texas Houston
98%
3,485,000 California Los Angeles
98%
7,323,000 New York New York City
98%
724,000 California San Francisco
98%
1,586,000 Pennsylvania Philadelphia
97%
607,000 District of Columbia Washington
97%
983,000 Arizona Phoenix
95%
936,000 Texas San Antonio
95%
1,111,000 California San Diego
95%
574,000 Massachusetts Boston
94%
1,028,000 Michigan Detroit
94%
736,000 Maryland Baltimore
92%
731,000 Indiana Indianapolis
92%
635,000 Florida Jacksonville
91%
633,000 Ohio Columbus
89%
610,000 Tennessee Memphis
89%
782,000 California San Jose
89%
628,000 Wisconsin Milwaukee
88%
No matching quizzes found
Score Distribution
Percent of People with Each Score
Percentile by Number Answered
Your Score History
You have not taken this quiz